00274nam a2200109Ia 4500008004100000041000800041082001300049100001000062245005800072260002500130300000900155230627s9999 xx 000 0 und d aeng a340bRED aReddi aJudicial Officers Examination Course Materaal Vol Iii bAsia Law Housec2011 a400p